01116nam a22001097a 4500008004100000100001700041245007400058260001800132300003600150520080200186773001800988240510b ||||| |||| 00| 0 eng d aNandy, S.N.  aA review of climate change and vulnerability indices of Indian states aProductivity  a64(4), Jan-Mar, 2024: p.345-354 aThe world has achieved a massive economic progress in the past few decades, along with population explosion and rapid urbanization/industrialization the effect of which are being realized across the world as global climate change with huge environmental impact. Though the climate change is a natural phenomenon, the release of several green house gases (GHGs) to the atmosphere through human activities has made a greater contribution to the global warming. The present paper is a review of Indian climate features/trend and their consequences across the country. Recent country-wide trends in some selected climatic parameters like rainfall and temperature have been depicted. Reproduced https://www.academia.edu/117520545/A_review_of_climate_change_and_vulnerability_indices_of_Indian_states  aProductivity